000
00341 a2200169 4500
001
182471
020
_a
85-030054-9
040
_c
Magnum
100
_a
Gullar, Ferreira
240
1
0
_a
Poema sujo
_l
por
245
1
0
_a
Poema sujo
300
_a
74
362
0
_a
2001
440
1
_a
José Olympio
697
_a
LITERATURA GERAL
942
_c
BK
999
_c
182471
_d
182471